[Event "Oberliga Nord N 2122"]
[Site "Germany"]
[Date "2022.03.20"]
[Round "7.2"]
[White "Kreuzholz, Michael"]
[Black "Ritscher, Jan Paul"]
[Result "1/2-1/2"]
[WhiteElo "2334"]
[BlackElo "2269"]
[PlyCount "70"]
[EventDate "2021.10.31"]
[EventType "team-tourn"]
[EventRounds "9"]
[EventCountry "GER"]
[SourceTitle "EXT 2023"]
[Source "ChessBase"]
[SourceDate "2022.10.05"]
[SourceVersion "1"]
[SourceVersionDate "2022.10.05"]
[SourceQuality "1"]
[WhiteTeam "Luebeck"]
[BlackTeam "Hamburg Schachfreunde"]
[WhiteTeamCountry "GER"]
[BlackTeamCountry "GER"]

1. e4 Nf6 2. e5 Nd5 3. d4 d6 4. Nf3 dxe5 5. Nxe5 c6 6. Bc4 Nd7 7. Nxd7 Qxd7 8. 0-0 g6 9. c3 Bg7 10. Nd2 0-0 11. Re1 b5 12. Bb3 b4 13. Ne4 a5 14. Bg5 Qa7 15. a3 bxc3 16. bxc3 Bf5 17. Qf3 Bxe4 18. Rxe4 e6 19. Rd1 Rab8 20. c4 a4 21. Bc2 Nb6 22. Bd3 Nc8 23. Bf6 Rb3 24. Bxg7 Kxg7 25. Rh4 Qc7 26. Qf4 h5 27. d5 exd5 28. Qd4+ Kg8 29. Bc2 Rxa3 30. cxd5 cxd5 31. Rf4 Re8 32. g3 Qe5 33. Bxa4 Qxd4 34. Rfxd4 Rd8 35. Rxd5 Rxd5 1/2-1/2

[Event "Oberliga Nord N 2122"]
[Site "Germany"]
[Date "2021.11.21"]
[Round "2.2"]
[White "Kreuzholz, Michael"]
[Black "Pedersen, Steffen"]
[Result "0-1"]
[WhiteElo "2334"]
[BlackElo "2344"]
[PlyCount "74"]
[EventDate "2021.10.31"]
[EventType "team-tourn"]
[EventRounds "9"]
[EventCountry "GER"]
[SourceTitle "EXT 2023"]
[Source "ChessBase"]
[SourceDate "2022.10.05"]
[SourceVersion "1"]
[SourceVersionDate "2022.10.05"]
[SourceQuality "1"]
[WhiteTeam "Luebeck"]
[BlackTeam "Preetz"]
[WhiteTeamCountry "GER"]
[BlackTeamCountry "GER"]

1. e4 c6 2. d4 d5 3. e5 Bf5 4. Nc3 e6 5. g4 Bg6 6. Nge2 c5 7. h4 h5 8. Nf4 Bh7 9. g5 cxd4 10. Nb5 Be4 11. f3 Bf5 12. Nxd4 Ne7 13. Nxf5 Nxf5 14. Bd3 Qc7 15. Bxf5 Qxe5+ 16. Qe2 Qxf5 17. Qb5+ Nd7 18. Qxb7 Rd8 19. Qxa7 Qxc2 20. Qf2 Qf5 21. Qe2 Bd6 22. Nd3 0-0 23. 0-0 Ne5 24. Nxe5 Bxe5 25. Be3 Rb8 26. Rab1 Rfc8 27. f4 Bd6 28. Qf3 Rc2 29. b4 Rc3 30. Rbc1 Ra3 31. Rfd1 Rxe3 32. Qxe3 Qg4+ 33. Kf1 Bxf4 34. Qa7 Qh3+ 35. Ke2 Rxb4 36. Rc8+ Kh7 37. Qxf7 Rb2+ 0-1

[Event "Oberliga Nord N 2122"]
[Site "Germany"]
[Date "2021.10.31"]
[Round "1.2"]
[White "Arndt, Magnus"]
[Black "Kreuzholz, Michael"]
[Result "1/2-1/2"]
[WhiteElo "2343"]
[BlackElo "2334"]
[PlyCount "55"]
[EventDate "2021.10.31"]
[EventType "team-tourn"]
[EventRounds "9"]
[EventCountry "GER"]
[SourceTitle "EXT 2023"]
[Source "ChessBase"]
[SourceDate "2022.10.05"]
[SourceVersion "1"]
[SourceVersionDate "2022.10.05"]
[SourceQuality "1"]
[WhiteTeam "Kiel Turm II"]
[BlackTeam "Luebeck"]
[WhiteTeamCountry "GER"]
[BlackTeamCountry "GER"]

1. d4 Nf6 2. Bf4 g6 3. Nc3 d5 4. Nb5 Na6 5. e3 Bg7 6. h3 c6 7. Nc3 Qb6 8. Rb1 0-0 9. Nf3 Ne4 10. Nxe4 dxe4 11. Nd2 Be6 12. Bc4 Bxc4 13. Nxc4 Qb4+ 14. Nd2 e5 15. c3 Qe7 16. dxe5 Bxe5 17. 0-0 Rad8 18. Qc2 Bxf4 19. exf4 Nc5 20. Rfe1 f5 21. Re3 Qd6 22. Nb3 Ne6 23. g3 c5 24. Qe2 b6 25. h4 Nc7 26. Qc4+ Qd5 27. Qxd5+ Nxd5 28. Ree1 1/2-1/2

[Event "Oberliga Nord N 1920"]
[Site "Germany"]
[Date "2019.11.24"]
[Round "3.5"]
[White "Powierski, Emil"]
[Black "Kreuzholz, Michael"]
[Result "1/2-1/2"]
[WhiteElo "2303"]
[BlackElo "2328"]
[PlyCount "55"]
[EventDate "2019.09.29"]
[EventType "team-tourn"]
[EventRounds "9"]
[EventCountry "GER"]
[SourceTitle "CBM 195 Extra"]
[Source "ChessBase"]
[SourceDate "2020.05.31"]
[SourceVersion "1"]
[SourceVersionDate "2020.05.31"]
[SourceQuality "1"]

1. e4 c5 2. c3 Nf6 3. e5 Nd5 4. Nf3 Nc6 5. Bc4 Nb6 6. Bb3 c4 7. Bc2 d6 8. exd6 Qxd6 9. 0-0 Bg4 10. Qe2 e6 11. Na3 Qc5 12. h3 Bh5 13. b4 cxb3 14. axb3 Be7 15. b4 Qd6 16. b5 Nd8 17. d4 0-0 18. Rd1 f5 19. c4 Qc7 20. Bb3 Bf6 21. Bb2 Kh8 22. Rd3 Nf7 23. Qe1 Rad8 24. Rad1 Rfe8 25. R1d2 Ng5 26. Nxg5 Bxg5 27. Rc2 f4 28. Rcc3 1/2-1/2

[Event "Oberliga Nord N 1617"]
[Site "Germany"]
[Date "2017.02.05"]
[Round "5.1"]
[White "Hebbinghaus, Holger"]
[Black "Kreuzholz, Michael"]
[Result "1/2-1/2"]
[WhiteElo "2251"]
[BlackElo "2354"]
[PlyCount "69"]
[EventDate "2016.10.16"]
[EventType "team-tourn"]
[EventRounds "9"]
[EventCountry "GER"]
[SourceTitle "EXT 2018"]
[Source "ChessBase"]
[SourceDate "2017.10.13"]
[SourceVersion "1"]
[SourceVersionDate "2017.10.13"]
[SourceQuality "1"]
[WhiteTeam "Marmstorf"]
[BlackTeam "Luebeck"]
[WhiteTeamCountry "GER"]
[BlackTeamCountry "GER"]

1. d4 Nf6 2. Bf4 g6 3. e3 Bg7 4. Nf3 0-0 5. Be2 d6 6. 0-0 Nfd7 7. h3 e5 8. Bh2 Nc6 9. c4 e4 10. Nfd2 f5 11. Nc3 Nf6 12. Rb1 g5 13. b4 Ne7 14. Qc2 Ng6 15. Rfc1 h5 16. Nd5 g4 17. Nf4 Nxf4 18. Bxf4 Nh7 19. hxg4 hxg4 20. c5 d5 21. g3 Ng5 22. Bxg5 Qxg5 23. Kg2 Be6 24. Qc3 Kf7 25. Rh1 Qf6 26. Nb3 Rh8 27. Rxh8 Rxh8 28. Rh1 Rxh1 29. Kxh1 c6 30. a4 Bd7 31. Kg1 a6 32. Qc1 Bh6 33. Bf1 Kg6 34. Qd2 Qd8 35. Qc3 1/2-1/2

[Event "Oberliga Nord N 1516"]
[Site "Germany"]
[Date "2016.01.17"]
[Round "5.2"]
[White "Kreuzholz, Michael"]
[Black "Bente, Bjoern"]
[Result "1-0"]
[WhiteElo "2325"]
[BlackElo "2249"]
[PlyCount "81"]
[EventDate "2015.09.20"]
[EventType "team-tourn"]
[EventRounds "9"]
[EventCountry "GER"]
[SourceTitle "CBM 170 Extra"]
[Source "ChessBase"]
[SourceDate "2016.02.25"]
[SourceVersion "1"]
[SourceVersionDate "2016.02.25"]
[SourceQuality "1"]
[WhiteTeam "Luebeck"]
[BlackTeam "Hamburger SK III"]
[WhiteTeamCountry "GER"]
[BlackTeamCountry "GER"]

1. e4 e5 2. Nf3 Nc6 3. d4 exd4 4. Nxd4 Nf6 5. Nc3 Bb4 6. Nxc6 bxc6 7. Bd3 d5 8. exd5 cxd5 9. Qe2+ Qe7 10. Qxe7+ Bxe7 11. Nb5 Kd8 12. Bf4 Bb4+ 13. Kf1 Ba5 14. Rd1 Bd7 15. Nd4 c5 16. Nb3 Bb6 17. Ba6 Bc6 18. a4 Bxa4 19. Bb7 Kd7 20. Bxa8 Rxa8 21. Be5 Bb5+ 22. Kg1 Kc6 23. Nc1 Ng4 24. Bg3 Re8 25. h3 Ne5 26. Kh2 Nc4 27. Nd3 Re2 28. b3 Na3 29. Ne5+ Kb7 30. Rxd5 Nxc2 31. Nxf7 Nd4 32. Nd6+ Kc6 33. Rxd4 cxd4 34. Rc1+ Kd5 35. Nxb5 a6 36. Nc7+ Ke4 37. f3+ Kd3 38. Nd5 Rb2 39. Nxb6 Rxb3 40. Na4 Ra3 41. Nb2+ 1-0

[Event "Oberliga Nord N 1516"]
[Site "Germany"]
[Date "2015.10.11"]
[Round "2.2"]
[White "Pfreundt, Jakob"]
[Black "Kreuzholz, Michael"]
[Result "1/2-1/2"]
[WhiteElo "2286"]
[BlackElo "2326"]
[PlyCount "76"]
[EventDate "2015.09.20"]
[EventType "team-tourn"]
[EventRounds "9"]
[EventCountry "GER"]
[SourceTitle "CBM 170 Extra"]
[Source "ChessBase"]
[SourceDate "2016.02.25"]
[SourceVersion "1"]
[SourceVersionDate "2016.02.25"]
[SourceQuality "1"]
[WhiteTeam "Hamburg Koenigsspringer"]
[BlackTeam "Luebeck"]
[WhiteTeamCountry "GER"]
[BlackTeamCountry "GER"]

1. e4 c5 2. Nf3 d6 3. d4 cxd4 4. Nxd4 Nf6 5. f3 e5 6. Nb3 Be6 7. c4 a5 8. Be3 a4 9. N3d2 Be7 10. Nc3 Qa5 11. Be2 0-0 12. Ndb1 Nbd7 13. Qd2 Rfc8 14. Na3 Ne8 15. Ncb5 Bd8 16. Qxa5 Bxa5+ 17. Kf2 Kf8 18. Rhc1 Ke7 19. Nc3 Bb4 20. Nd5+ Bxd5 21. cxd5 Bc5 22. Bb5 Nef6 23. Nc4 Bxe3+ 24. Nxe3 a3 25. Rxc8 Rxc8 26. bxa3 g6 27. Bxd7 Nxd7 28. Rb1 Nc5 29. Ke2 Ra8 30. Nc4 f5 31. Rb6 fxe4 32. fxe4 Ra4 33. Rb4 Rxb4 34. axb4 Nxe4 35. Kd3 Nf2+ 36. Ke2 Ne4 37. Kd3 Nf2+ 38. Ke2 Ne4 1/2-1/2

[Event "Oberliga Nord N 1516"]
[Site "Germany"]
[Date "2015.09.20"]
[Round "1.2"]
[White "Kreuzholz, Michael"]
[Black "Schulz, Karsten"]
[Result "1/2-1/2"]
[WhiteElo "2327"]
[BlackElo "2289"]
[PlyCount "30"]
[EventDate "2015.09.20"]
[EventType "team-tourn"]
[EventRounds "9"]
[EventCountry "GER"]
[SourceTitle "CBM 170 Extra"]
[Source "ChessBase"]
[SourceDate "2016.02.25"]
[SourceVersion "1"]
[SourceVersionDate "2016.02.25"]
[SourceQuality "1"]
[WhiteTeam "Luebeck"]
[BlackTeam "Schwerin"]
[WhiteTeamCountry "GER"]
[BlackTeamCountry "GER"]

1. e4 g6 2. d4 Bg7 3. Nc3 d6 4. f4 a6 5. Nf3 b5 6. Bd3 Nd7 7. Be3 Bb7 8. Qe2 c5 9. dxc5 Nxc5 10. Bxc5 Bxc3+ 11. bxc3 dxc5 12. e5 Nh6 13. 0-0 0-0 14. Kh1 Qb6 15. Rae1 Rad8 1/2-1/2

[Event "BL2-Nord 1213"]
[Site "Germany"]
[Date "2013.03.17"]
[Round "8.2"]
[White "Kreuzholz, Michael"]
[Black "Stern, Rene"]
[Result "0-1"]
[WhiteElo "2355"]
[BlackElo "2517"]
[PlyCount "66"]
[EventDate "2012.10.14"]
[EventType "team-tourn"]
[EventRounds "9"]
[EventCountry "GER"]
[SourceTitle "CBM 154 Extra"]
[Source "ChessBase"]
[SourceDate "2013.06.25"]
[SourceVersion "2"]
[SourceVersionDate "2013.06.25"]
[SourceQuality "1"]
[WhiteTeam "Luebeck"]
[BlackTeam "Berlin Koenig Tegel"]
[WhiteTeamCountry "GER"]
[BlackTeamCountry "GER"]

1. e4 e5 2. Nf3 Nc6 3. d4 exd4 4. Nxd4 Nf6 5. Nxc6 bxc6 6. e5 Qe7 7. Qe2 Nd5 8. c4 Nb6 9. Nc3 Qe6 10. Qe4 g6 11. Bd2 Bg7 12. f4 d5 13. cxd5 cxd5 14. Qb4 a5 15. Qc5 Bf8 16. Qxc7 Bb4 17. a3 Bxc3 18. Bb5+ Bd7 19. Bxd7+ Nxd7 20. Qxc3 Qa6 21. Rc1 0-0 22. Qc6 Nb6 23. Qf6 Qb5 24. Bc3 Nd7 25. Qd6 Nc5 26. Rc2 Rad8 27. Qc7 Nd3+ 28. Kd1 Nxf4 29. Qxa5 Qd3+ 30. Kc1 d4 31. Bb4 Rc8 32. Bc5 Qb3 33. Rd1 d3 0-1

[Event "BL2-Nord 1213"]
[Site "Germany"]
[Date "2013.02.03"]
[Round "6.2"]
[White "Glantz, Robert"]
[Black "Kreuzholz, Michael"]
[Result "0-1"]
[WhiteElo "2271"]
[BlackElo "2355"]
[PlyCount "110"]
[EventDate "2012.10.14"]
[EventType "team-tourn"]
[EventRounds "9"]
[EventCountry "GER"]
[SourceTitle "CBM 154 Extra"]
[Source "ChessBase"]
[SourceDate "2013.06.25"]
[SourceVersion "2"]
[SourceVersionDate "2013.06.25"]
[SourceQuality "1"]
[WhiteTeam "Berlin Kreuzberg"]
[BlackTeam "Luebeck"]
[WhiteTeamCountry "GER"]
[BlackTeamCountry "GER"]

1. e4 c5 2. Nf3 d6 3. d4 cxd4 4. Nxd4 Nf6 5. Nc3 a6 6. Be3 e5 7. Nb3 Be7 8. h3 Be6 9. Qf3 Nbd7 10. g4 h6 11. 0-0-0 Qc7 12. Rg1 Nb6 13. Kb1 Rc8 14. Bxb6 Qxb6 15. Nd5 Bxd5 16. exd5 Qb4 17. Qf5 Rc7 18. c4 g6 19. Qd3 Nd7 20. Be2 Bg5 21. Rh1 a5 22. h4 Bf4 23. Rh3 a4 24. Nd2 Nc5 25. Qc2 Bxd2 26. Qxd2 Qxd2 27. Rxd2 Ne4 28. Rc2 Ke7 29. Bd3 Nc5 30. Bf1 f5 31. gxf5 gxf5 32. Rg3 Kf6 33. b4 axb3 34. axb3 f4 35. Rf3 Rg8 36. Bh3 Rg1+ 37. Kb2 Kg6 38. b4 Ne4 39. Be6 Rd1 40. Rh3 Rd4 41. Kb3 Nd2+ 42. Ka4 Nxc4 43. Rhc3 Nb6+ 44. Kb5 Rxc3 45. Rxc3 Nxd5 46. Bxd5 Rxd5+ 47. Kb6 e4 48. Kxb7 Rb5+ 49. Kc6 Rxb4 50. Kxd6 Kf5 51. Rc5+ Kg4 52. Ke5 Kf3 53. h5 Kxf2 54. Kxf4 e3+ 55. Kf5 e2 0-1

[Event "BL2-Nord 0809"]
[Site "Germany"]
[Date "2009.03.15"]
[Round "8.3"]
[White "Kreuzholz, Michael"]
[Black "Syre, Christian"]
[Result "1-0"]
[WhiteElo "2345"]
[BlackElo "2275"]
[PlyCount "55"]
[EventDate "2008.10.05"]
[EventType "team-tourn"]
[EventRounds "9"]
[EventCountry "GER"]
[SourceTitle "CBM 129 Extra"]
[Source "ChessBase"]
[SourceDate "2009.05.05"]
[SourceVersion "2"]
[SourceVersionDate "2009.05.20"]
[SourceQuality "1"]
[WhiteTeam "Luebeck II"]
[BlackTeam "Oberschoeneweide"]
[WhiteTeamCountry "GER"]
[BlackTeamCountry "GER"]

1. e4 g6 2. d4 d6 3. Nc3 Bg7 4. f4 Nf6 5. Nf3 c5 6. Bb5+ Bd7 7. e5 Ng4 8. Bxd7+ Qxd7 9. d5 dxe5 10. h3 e4 11. Nxe4 Nf6 12. Nxf6+ Bxf6 13. 0-0 0-0 14. c4 b5 15. Ne5 Qb7 16. Qb3 Rd8 17. a4 b4 18. Ng4 Bd4+ 19. Be3 f5 20. Bxd4 cxd4 21. Ne5 Na6 22. Nc6 Rd7 23. Nxd4 Nc5 24. Qe3 Ne4 25. Ne6 Qa6 26. Rac1 Rc8 27. b3 Qd6 28. g4 1-0

[Event "BL2-Nord 0809"]
[Site "Germany"]
[Date "2008.12.14"]
[Round "4.2"]
[White "Kreuzholz, Michael"]
[Black "Wiegmann, Sascha"]
[Result "1-0"]
[WhiteElo "2345"]
[BlackElo "2230"]
[PlyCount "125"]
[EventDate "2008.10.05"]
[EventType "team-tourn"]
[EventRounds "9"]
[EventCountry "GER"]
[SourceTitle "CBM 129 Extra"]
[Source "ChessBase"]
[SourceDate "2009.05.05"]
[SourceVersion "2"]
[SourceVersionDate "2009.05.20"]
[SourceQuality "1"]
[WhiteTeam "Luebeck II"]
[BlackTeam "Uelzen Post"]
[WhiteTeamCountry "GER"]
[BlackTeamCountry "GER"]

1. e4 c5 2. Nf3 d6 3. d4 cxd4 4. Nxd4 Nf6 5. Nc3 a6 6. Bg5 e6 7. f4 b5 8. e5 dxe5 9. fxe5 Qc7 10. exf6 Qe5+ 11. Be2 Qxg5 12. Qd3 Ra7 13. Ne4 Qe5 14. Nf3 Qxb2 15. 0-0 Rd7 16. Qe3 Bb7 17. a4 Qb4 18. c4 Bxe4 19. Qxe4 Qc5+ 20. Kh1 b4 21. Qf4 Nc6 22. Rad1 g5 23. Nxg5 Rxd1 24. Rxd1 Bh6 25. Nxe6 Bxf4 26. Nxc5 0-0 27. Bf3 Ne5 28. Nxa6 b3 29. Rb1 Re8 30. Nc7 Rb8 31. Nb5 Nxc4 32. Rxb3 Be5 33. Rb4 Na5 34. Rg4+ Kf8 35. Rg7 Bxf6 36. Rxh7 Nc4 37. Rh6 Kg7 38. Rh5 Ne5 39. Rf5 Rc8 40. g3 Rc4 41. Nd6 Rc1+ 42. Kg2 Rc2+ 43. Kh3 Nxf3 44. Rxf3 Kg6 45. Rf4 Be5 46. Rg4+ Kf6 47. Rc4 Ra2 48. Nb7 Bb8 49. Nd8 Kg7 50. Nc6 Bd6 51. Nd4 Bb8 52. Nc6 Bd6 53. a5 Kf6 54. Rh4 Ke6 55. Rh5 Kd7 56. Nd4 Ra4 57. Rd5 Ke7 58. Nf5+ Ke6 59. Rxd6+ Kxf5 60. Ra6 Ra2 61. Ra8 Ke5 62. a6 Kf5 63. Ra7 1-0

[Event "BL2-Nord 0708"]
[Site "Germany"]
[Date "2008.01.20"]
[Round "5.3"]
[White "Lichmann, Peter"]
[Black "Kreuzholz, Michael"]
[Result "1/2-1/2"]
[WhiteElo "2324"]
[BlackElo "2345"]
[PlyCount "97"]
[EventDate "2007.10.21"]
[EventType "team-tourn"]
[EventRounds "9"]
[EventCountry "GER"]
[SourceTitle "EXT 2009"]
[Source "ChessBase"]
[SourceDate "2008.11.26"]
[SourceVersion "1"]
[SourceVersionDate "2008.11.26"]
[SourceQuality "1"]
[WhiteTeam "Werder Bremen  II"]
[BlackTeam "Luebeck"]
[WhiteTeamCountry "GER"]
[BlackTeamCountry "GER"]

1. d4 d5 2. c4 c6 3. Nf3 Nf6 4. Nc3 dxc4 5. a4 Bf5 6. Ne5 e6 7. f3 c5 8. e4 Bg6 9. Bxc4 cxd4 10. Bb5+ Nfd7 11. Qxd4 a6 12. Bxd7+ Nxd7 13. Nxd7 Qxd7 14. Be3 Qxd4 15. Bxd4 f6 16. Ke2 Bd6 17. a5 Rc8 18. Rac1 Ke7 19. Na4 Rxc1 20. Rxc1 Bxh2 21. Bc5+ Kf7 22. Rd1 Rc8 23. b4 Ke8 24. Bb6 Ke7 25. Bc5+ Ke8 26. Bb6 f5 27. exf5 Bxf5 28. Nc5 e5 29. Kf2 Bf4 30. g3 Bg5 31. Rd5 Bf6 32. f4 Kf7 33. fxe5 Be7 34. Rd4 Bxc5 35. Bxc5 Ke6 36. Bd6 Rc3 37. g4 Bb1 38. Rf4 Rc2+ 39. Ke3 Rc3+ 40. Kd4 Rc8 41. g5 Ba2 42. Rf2 Bd5 43. Bc5 Bc6 44. Rh2 Rh8 45. Rf2 Rc8 46. Rh2 Rh8 47. Bd6 h5 48. gxh6 Rxh6 49. Rxh6+ 1/2-1/2

[Event "BL2-Nord 0708"]
[Site "Germany"]
[Date "2007.11.04"]
[Round "2.2"]
[White "Solleveld, Maarten"]
[Black "Kreuzholz, Michael"]
[Result "1-0"]
[WhiteElo "2467"]
[BlackElo "2345"]
[PlyCount "69"]
[EventDate "2007.10.21"]
[EventType "team-tourn"]
[EventRounds "9"]
[EventCountry "GER"]
[SourceTitle "EXT 2009"]
[Source "ChessBase"]
[SourceDate "2008.11.26"]
[SourceVersion "1"]
[SourceVersionDate "2008.11.26"]
[SourceQuality "1"]
[WhiteTeam "Goettingen Tempo"]
[BlackTeam "Luebeck"]
[WhiteTeamCountry "GER"]
[BlackTeamCountry "GER"]

1. c4 c5 2. Nf3 Nc6 3. Nc3 e5 4. g3 g6 5. Bg2 d6 6. d3 Bg7 7. 0-0 Nge7 8. Bg5 h6 9. Bxe7 Nxe7 10. a3 0-0 11. Ne1 Be6 12. Rc1 Rb8 13. b4 cxb4 14. axb4 d5 15. cxd5 Nxd5 16. Nxd5 Bxd5 17. Qa4 Bxg2 18. Nxg2 Qd4 19. Qb3 Rfc8 20. Nh4 Qd6 21. Nf3 b5 22. Ra1 Rc7 23. Nd2 Bf8 24. Ne4 Qb6 25. Nc3 Kg7 26. Nd5 Qe6 27. e4 f5 28. Ra3 Rf7 29. Rfa1 fxe4 30. dxe4 Rbb7 31. Qc3 Kh7 32. Ra6 Qg4 33. Nf6+ Rxf6 34. Rxf6 Qxe4 35. Rxf8 1-0

[Event "BL2-Nord 0304"]
[Site "Germany"]
[Date "2004.??.??"]
[Round "?.3"]
[White "Breier, Andreas"]
[Black "Kreuzholz, Michael"]
[Result "1/2-1/2"]
[WhiteElo "2355"]
[BlackElo "2330"]
[PlyCount "160"]
[EventDate "2003.10.??"]
[EventType "team-tourn"]
[EventRounds "9"]
[EventCountry "GER"]
[SourceTitle "CBM 100 Extra"]
[Source "ChessBase"]
[SourceDate "2004.07.06"]
[SourceVersion "2"]
[SourceVersionDate "2004.07.06"]
[SourceQuality "1"]
[WhiteTeam "Zehlendorf"]
[BlackTeam "Luebeck"]
[WhiteTeamCountry "GER"]
[BlackTeamCountry "GER"]

1. d4 d5 2. c4 c6 3. Nc3 e5 4. dxe5 d4 5. Ne4 Qa5+ 6. Nd2 Nd7 7. Ngf3 c5 8. g3 Ne7 9. Qc2 Nb6 10. e4 Nc6 11. Be2 Bg4 12. 0-0 h5 13. e6 fxe6 14. Nb3 Qa4 15. Ng5 Nb4 16. Qd1 Bxe2 17. Qxe2 Qd7 18. e5 0-0-0 19. Na5 Qa4 20. a3 Qxa5 21. Bd2 Qa6 22. axb4 Qxc4 23. Qf3 Qd5 24. Qxd5 Rxd5 25. bxc5 Bxc5 26. Rfc1 Kd7 27. Rxa7 Rb8 28. Ne4 Be7 29. f4 Rb5 30. b4 Nd5 31. Rc4 Bxb4 32. Rxd4 Bxd2 33. Rxd2 Kc6 34. Ra1 Rb4 35. Rc1+ Kd7 36. Ng5 g6 37. Rcd1 Rb5 38. Ne4 Ke7 39. Rc1 Ra8 40. Nd6 Rb4 41. Kg2 h4 42. Kh3 hxg3 43. hxg3 Ra3 44. Kg4 Re3 45. Rh1 Rxe5 46. Nc8+ Kf6 47. Rh7 Rh5 48. Rxh5 gxh5+ 49. Kxh5 Rb3 50. Kh4 Rb1 51. Nd6 Ne3 52. g4 b5 53. Ra2 b4 54. Ne4+ Kf7 55. Ra7+ Kg6 56. Re7 b3 57. Rxe6+ Kf7 58. Rb6 b2 59. Nd2 Rh1+ 60. Kg5 Nc4 61. Rb7+ Kf8 62. Nxc4 b1Q 63. Rxb1 Rxb1 64. f5 Rb5 65. Kg6 Rc5 66. Nd2 Kg8 67. Ne4 Rc4 68. Nf6+ Kf8 69. Nh7+ Kg8 70. Nf6+ Kf8 71. Nd7+ Kg8 72. g5 Rc7 73. Ne5 Rc5 74. Kf6 Ra5 75. g6 Ra6+ 76. Kg5 Kg7 77. Nd3 Ra5 78. Nf4 Kg8 79. Ne6 Rb5 80. Kf6 Ra5 1/2-1/2

[Event "BL2-Nord 0304"]
[Site "Germany"]
[Date "2004.??.??"]
[Round "?.3"]
[White "Rausch, Stephan"]
[Black "Kreuzholz, Michael"]
[Result "1-0"]
[WhiteElo "2345"]
[BlackElo "2330"]
[PlyCount "80"]
[EventDate "2003.10.??"]
[EventType "team-tourn"]
[EventRounds "9"]
[EventCountry "GER"]
[SourceTitle "CBM 100 Extra"]
[Source "ChessBase"]
[SourceDate "2004.07.06"]
[SourceVersion "2"]
[SourceVersionDate "2004.07.06"]
[SourceQuality "1"]
[WhiteTeam "Leipzig Gohlis"]
[BlackTeam "Luebeck"]
[WhiteTeamCountry "GER"]
[BlackTeamCountry "GER"]

1. d4 Nf6 2. Nf3 g6 3. c4 Bg7 4. Nc3 0-0 5. e4 d6 6. h3 e5 7. d5 a5 8. Be3 Na6 9. g4 Nc5 10. Nd2 c6 11. a3 Ne8 12. g5 f5 13. h4 cxd5 14. cxd5 Nxe4 15. Ndxe4 fxe4 16. Nxe4 Bf5 17. f3 Qd7 18. Qb3 a4 19. Qb4 Nc7 20. Rd1 Bxe4 21. fxe4 Rf3 22. Kd2 Na6 23. Qc4 Nc5 24. Be2 b5 25. Qb4 Nb3+ 26. Qxb3 axb3 27. Bxf3 b4 28. axb4 Qb5 29. Rc1 Ra2 30. Rc8+ Bf8 31. Kc3 Qa4 32. Bd1 Qa6 33. Rc6 Qb5 34. Bg4 Ra4 35. Rc4 h5 36. Be6+ Kh7 37. Rf1 Bg7 38. Rf7 Kh8 39. Bd7 Qb7 40. Be8 Qa8 1-0

[Event "BL2-Nord 0203"]
[Site "Germany"]
[Date "2003.02.23"]
[Round "7.4"]
[White "Voigt, Martin"]
[Black "Kreuzholz, Michael"]
[Result "0-1"]
[WhiteElo "2300"]
[BlackElo "2334"]
[PlyCount "74"]
[EventDate "2002.10.20"]
[EventType "team-tourn"]
[EventRounds "9"]
[EventCountry "GER"]
[SourceTitle "EXT 2004"]
[Source "ChessBase"]
[SourceDate "2003.11.25"]
[SourceVersion "1"]
[SourceVersionDate "2003.11.25"]
[SourceQuality "1"]
[WhiteTeam "Hamburg Koenigsspringer"]
[BlackTeam "Luebeck II"]
[WhiteTeamCountry "GER"]
[BlackTeamCountry "GER"]

1. e4 e5 2. d4 exd4 3. c3 dxc3 4. Bc4 Nc6 5. Nf3 d6 6. Nxc3 Nf6 7. Qb3 Qd7 8. Ng5 Ne5 9. Be2 h6 10. f4 Nc6 11. Nf3 Be7 12. e5 dxe5 13. Nxe5 Nxe5 14. fxe5 Ng4 15. Bf4 0-0 16. Nd5 c6 17. Nxe7+ Qxe7 18. h3 Nxe5 19. Qg3 Re8 20. 0-0 Ng6 21. Bd6 Qh4 22. Rae1 Be6 23. Qc3 Rad8 24. Bc5 Nf4 25. Bg4 Nd5 26. Qf3 Nf6 27. Bxe6 Rxe6 28. Rxe6 fxe6 29. Qb3 Qe4 30. Qxb7 Rd2 31. Bf2 Nh5 32. Re1 Qf5 33. Qxa7 Nf4 34. Qe3 Rxb2 35. a4 Qg5 36. Bg3 Rxg2+ 37. Kh1 Rxg3 0-1

[Event "BL2-Nord 0304"]
[Site "Germany"]
[Date "2003.??.??"]
[Round "?.3"]
[White "Pedersen, Steffen"]
[Black "Kreuzholz, Michael"]
[Result "1/2-1/2"]
[WhiteElo "2415"]
[BlackElo "2330"]
[PlyCount "70"]
[EventDate "2003.10.??"]
[EventType "team-tourn"]
[EventRounds "9"]
[EventCountry "GER"]
[SourceTitle "CBM 100 Extra"]
[Source "ChessBase"]
[SourceDate "2004.07.06"]
[SourceVersion "2"]
[SourceVersionDate "2004.07.06"]
[SourceQuality "1"]
[WhiteTeam "Preetz"]
[BlackTeam "Luebeck"]
[WhiteTeamCountry "GER"]
[BlackTeamCountry "GER"]

1. d4 Nf6 2. Nf3 g6 3. c4 Bg7 4. Nc3 0-0 5. e4 d6 6. Be2 e5 7. 0-0 exd4 8. Nxd4 Re8 9. f3 c6 10. Kh1 Nbd7 11. Nc2 Nb6 12. Be3 Be6 13. b3 Nh5 14. Qe1 f5 15. Rd1 f4 16. Bd4 Qg5 17. Kg1 Be5 18. Qf2 Qe7 19. Rd2 Nf6 20. Rfd1 Red8 21. Bf1 Nbd7 22. Na4 c5 23. Bxe5 Nxe5 24. Qh4 g5 25. Qxg5+ Ng6 26. e5 dxe5 27. Rxd8+ Rxd8 28. Rxd8+ Qxd8 29. Nxc5 Qb6 30. Qxf6 Qxc5+ 31. Kh1 Nf8 32. Qg5+ Kf7 33. Qh5+ Kg7 34. Qg5+ Kf7 35. Qh5+ Kg7 1/2-1/2

[Event "BL2-Nord 0203"]
[Site "Germany"]
[Date "2002.10.20"]
[Round "1.4"]
[White "Pedersen, Jan Noergard"]
[Black "Kreuzholz, Michael"]
[Result "1/2-1/2"]
[WhiteElo "2407"]
[BlackElo "2334"]
[PlyCount "103"]
[EventDate "2002.10.20"]
[EventType "team-tourn"]
[EventRounds "9"]
[EventCountry "GER"]
[SourceTitle "EXT 2004"]
[Source "ChessBase"]
[SourceDate "2003.11.25"]
[SourceVersion "1"]
[SourceVersionDate "2003.11.25"]
[SourceQuality "1"]
[WhiteTeam "Preetz"]
[BlackTeam "Luebeck II"]
[WhiteTeamCountry "GER"]
[BlackTeamCountry "GER"]

1. g3 c5 2. Bg2 Nc6 3. c4 g6 4. Nc3 Bg7 5. e3 e5 6. Nge2 d6 7. 0-0 Nge7 8. Nd5 Bg4 9. h3 Be6 10. a3 0-0 11. Rb1 a5 12. d3 Rb8 13. Nec3 Na7 14. b4 axb4 15. axb4 cxb4 16. Rxb4 b5 17. Nxe7+ Qxe7 18. Nxb5 Qd7 19. Ba3 Nxb5 20. cxb5 Rxb5 21. Qa4 Rxb4 22. Qxd7 Bxd7 23. Bxb4 Bb5 24. Rd1 Rd8 25. Bd5 Rb8 26. Ba3 Rc8 27. Rb1 Bc6 28. Bxc6 Rxc6 29. Rb8+ Bf8 30. d4 exd4 31. exd4 Ra6 32. Bb4 Kg7 33. d5 Be7 34. Rb7 Bf6 35. Rd7 Be5 36. f4 Bd4+ 37. Kg2 Bc5 38. Bxc5 dxc5 39. Rc7 Ra2+ 40. Kf3 Rc2 41. d6 Kf6 42. g4 Rc3+ 43. Ke4 Ke6 44. Re7+ Kxd6 45. Rxf7 Rxh3 46. Rf6+ Kd7 47. Kd5 Ke7 48. Rc6 Rh4 49. Ke5 Kd7 50. Rxc5 Rxg4 51. f5 Rg5 52. Kf6 1/2-1/2